Estadísticas para Países con Una Palabra y Tres "A"

Haz click aquí para intentar la prueba.

Estadísticas generales

  • Esta prueba ha sido intentada 2.440 veces
  • La puntuación promedio es 13 de 20

Estadísticas de respuestas

ContinentePaís% Correcto
América del NorteCanadá
89%
OceaníaAustralia
85%
EuropaAlemania
81%
América del NortePanamá
78%
América del NorteBahamas
74%
América del NorteNicaragua
73%
América del NorteGuatemala
72%
AsiaAfganistán
68%
EuropaAlbania
68%
América del SurParaguay
67%
AsiaKazajistán
64%
América del NorteJamaica
60%
AsiaAzerbaiyán
54%
ÁfricaMadagascar
53%
AsiaTailandia
53%
AsiaMalasia
51%
América del NorteGranada
50%
ÁfricaTanzania
49%
EuropaDinamarca
48%
ÁfricaMauritania
44%

Distribución de puntuación

Porcentaje por número respondido

Porcentaje de gente con cada puntuación

Historial de tus puntuaciones

No has intentado esta prueba.